Biggest Cities in Europe in My Opinion - Statistics

General Stats
  • This quiz has been taken 23 times
  • The average score is 21 of 26
Answer Stats
Hint Answer % Correct
11M Paris
100%
3.9M Berlin
96%
11M London
96%
7.0M Madrid
96%
6.3M Milan
96%
16M Moscow
96%
2.4M Amsterdam
91%
5.0M Barcelona
91%
16M Istanbul
91%
4.3M Rome
91%
5.0M Saint Petersburg
91%
3.5M Athens
87%
2.2M Hamburg
87%
2.2M Munich
87%
2.5M Warsaw
87%
2.5M Lisbon
83%
4.5M Naples
83%
2.8M Brussels
78%
2.2M Bucharest
78%
2.4M Budapest
78%
3.2M Kiev
78%
2.6M Birmingham
74%
3.3M Frankfurt
74%
2.8M Manchester
74%
2.6M Stuttgart
39%
2.4M Katowice
22%
No matching quizzes found
Score Distribution
Percent of People with Each Score
Percentile by Number Answered
Your Score History
You have not taken this quiz